Field study 1 : (Record no. 6331)

MARC details
000 -LEADER
fixed length control field 00981nam a22002897a 4500
003 - CONTROL NUMBER IDENTIFIER
control field URS
005 - DATE AND TIME OF LATEST TRANSACTION
control field 20260204112904.0
008 - FIXED-LENGTH DATA ELEMENTS--GENERAL INFORMATION
fixed length control field 240509t2020 ph ||||| |||| 00| 0 eng d
020 ## - INTERNATIONAL STANDARD BOOK NUMBER
International Standard Book Number 9786218035850
040 ## - CATALOGING SOURCE
Language of cataloging English
Transcribing agency URS
Description conventions rda
050 ## - LIBRARY OF CONGRESS CALL NUMBER
Classification number LB2394
Item number .F453 2020
082 ## - DEWEY DECIMAL CLASSIFICATION NUMBER
Classification number 370.773
Item number F453 2020
245 ## - TITLE STATEMENT
Title Field study 1 :
Remainder of title observations of teaching-learning in actual school environment /
Statement of responsibility, etc Maria Rita D. Lucas...[and three others].
264 ## - PUBLICATION, DISTRIBUTION, ETC. (IMPRINT)
Place of publication, distribution, etc Quezon City :
Name of publisher, distributor, etc Lorimar Publishing,
Date of publication, distribution, etc ©2020
300 ## - PHYSICAL DESCRIPTION
Extent 278 pages ;
Dimensions 26 cm.
336 ## - CONTENT TYPE
Source rdacontent
Content type term text
Content type code txt
337 ## - MEDIA TYPE
Source rdamedia
Media type term unmediated
Media type code n
338 ## - CARRIER TYPE
Source rdacarrier
Carrier type term volume
Carrier type code nc
504 ## - BIBLIOGRAPHY, ETC. NOTE
Bibliography, etc Includes bibliographical references (pages 239-240), and index.
650 #0 - SUBJECT ADDED ENTRY--TOPICAL TERM
Topical term or geographic name as entry element Teaching.
650 #0 - SUBJECT ADDED ENTRY--TOPICAL TERM
Topical term or geographic name as entry element Learning process.
700 ## - ADDED ENTRY--PERSONAL NAME
Personal name Lucas, Maria Rita D.,
Relator term author.
700 ## - ADDED ENTRY--PERSONAL NAME
Personal name Borabo, Milagros L.,
Relator term author
700 ## - ADDED ENTRY--PERSONAL NAME
Personal name Bilbao, Purita P.,
Relator term author.
700 ## - ADDED ENTRY--PERSONAL NAME
Personal name Corpuz, Brenda B.,
Relator term author.
942 ## - ADDED ENTRY ELEMENTS (KOHA)
Source of classification or shelving scheme Library of Congress Classification
Koha item type Filipiniana
Holdings
Withdrawn status Lost status Source of classification or shelving scheme Damaged status Not for loan Collection code Home library Current library Shelving location Date acquired Source of acquisition Total Checkouts Full call number Barcode Date last seen Copy number Koha item type Price effective from
    Dewey Decimal Classification       Pililla College Library Pililla College Library Filipiniana Section 05/08/2024     370.773 F453 2020 URSPIL-6754 05/08/2024 1 Filipiniana 05/08/2024
    Dewey Decimal Classification       Pililla College Library Pililla College Library Filipiniana Section 05/08/2024     370.773 F453 2020 URSPIL-6878 05/08/2024   Filipiniana 05/08/2024
    Dewey Decimal Classification       Pililla College Library Pililla College Library Filipiniana Section 05/08/2024     370.773 F453 2020 URSPIL-6879 05/08/2024   Filipiniana 05/08/2024
    Dewey Decimal Classification       Pililla College Library Pililla College Library Filipiniana Section 05/08/2024     370.773 F453 2020 URSPIL-6880 05/08/2024   Filipiniana 05/08/2024
    Library of Congress Classification     Non-fiction Taytay College Library Taytay College Library Filipiniana Section 10/01/2020 Donation   LB2394 .F453 2020 URSTAY-4713 06/02/2025 1 Filipiniana  

University of Rizal System
Email us at univlibservices@urs.edu.ph

Visit our Website www.urs.edu.ph/library